The God of Buddha / (Record no. 177292)

MARC details
000 -LEADER
fixed length control field 00614nam a22002057a 4500
005 - DATE AND TIME OF LATEST TRANSACTION
control field 20210217162724.0
010 ## - LCCN (DPL NO)
LC control number B-736913
020 ## - INTERNATIONAL STANDARD BOOK NUMBER
International Standard Book Number 8872140315
035 ## - SYSTEM CONTROL NUMBER
System control number B-736913
037 ## - SOURCE OF ACQUISITION
Source of stock number/acquisition Gift/Eng/03-02-2021
082 ## - DEWEY DECIMAL CLASSIFICATION NUMBER
Classification number 250
100 ## - MAIN ENTRY--PERSONAL NAME
Personal name Fozdar, Jamshed K
245 ## - TITLE STATEMENT
Title The God of Buddha /
Statement of responsibility, etc by Jamshed K Fozdar
246 ## - VARYING FORM OF TITLE
Remainder of title
260 ## - PUBLICATION, DISTRIBUTION, ETC. (IMPRINT)
Name of publisher, distributor, etc Casa Editrice
Date of publication, distribution, etc 1979
Place of publication, distribution, etc Italy
300 ## - PHYSICAL DESCRIPTION
Extent xii, 184p.
Dimensions 23cm(pbk)
500 ## - GENERAL NOTE
General note includes glossary, bibliographical description and index
942 ## - ADDED ENTRY ELEMENTS (KOHA)
Source of classification or shelving scheme Dewey Decimal Classification
Item type English Books
Classification part 250
Call number suffix FOZ
Holdings
Withdrawn status Lost status Not for loan Collection code Home library Current library Date acquired Source of acquisition Full call number Barcode Copy number Koha item type
      Non-fiction Central Library Central Library 17/02/2021 Gift/Eng/03-02-2021 250 FOZ B-736913 1 English Books

© Delhi Public Library
Hit Counter
free hit counter